| 000 | 00501nam a2200193Ia 4500 | ||
|---|---|---|---|
| 005 | 20250425161211.0 | ||
| 008 | 250425s9999 xx 000 0 und d | ||
| 020 | _a0879950072 | ||
| 041 | _aeng | ||
| 082 | _a621.32202 | ||
| 100 | _aKAUFMAN, JOHN E. | ||
| 245 | 0 | _aIES LIGHTING HANDBOOK: REFERENCE VOLUME | |
| 250 | _a1ST ED. | ||
| 260 |
_aEstados Unidos _bILLUMINATING ENGINEERING SOCIETY _c1981 |
||
| 260 | _aNEW YORK | ||
| 650 | _aILUMINACION ELECTRICA | ||
| 942 | _c01 | ||
| 010 | _a14924 | ||
| 999 |
_c204426 _d204426 |
||